000 00411nam a2200157Ia 4500
008 230312s9999||||xx |||||||||||||| ||und||
020 _a0-201-59145-6
082 _a510
_bSHU-J
100 _aShuchat Alan
245 4 _aThe Joy of Mathematica
260 _bAddison Wesley
_aNew York
_c1994
300 _a318
546 _aEng.
650 _aAccounting
_vStarting Joy , Graphing a Curve , Zooming In
942 _cBK
999 _c2056
_d2056